000 01336nam0a22003371 4500
001 RU\INFOCOMM_236\NLR\5000007291
005 20250613111459.0
035 _a(NLR Aleph) 009588959
090 _a9238637
_c9238637
100 _a20130310d1985 |||y0rusy50 ca
101 1 _ager
_crus
102 _aRU
105 _aa z |||||
200 1 _aEinfache elektrische Stromkreise - keine Angst vor Schaltalgebra
_fK. W. Ljubimow u.S. M. Nowikow
_g[Dt. Übers.: Dr sc. H. Neumann]
205 _a2. Aufl. [!]
210 _aM.
_cMir
_d1985
215 _a79 с.
_cил.
_d20 см
225 1 _aKleine naturwissenschaftliche Bibliothek
_vBd. 44
300 _aВ вып. дан.: Знакомимся с электрическими цепями / Кирилл Васильевич Любимов и Сергей Михайлович Новиков
606 0 _aЭлектрические цепи
_xПопулярная литература
_2nlr_sh1
620 _aМосква
686 _aЗ211я9
_2rubbk
700 1 _9z05790
_aLjubimov
_bK. V.
_gKirill Vasil'evič
701 1 _9z06790
_aNovikov
_bS. M.
_gSergej Michajlovič
790 1 _9z05700
_aLjubimow
_bK. W.
_4070
790 1 _9z06701
_aNowikow
_bS. M.
_4070
801 1 _aRU
_bInfocomm
_c20130208
801 0 _aRU
_bINFOCOMM
_gPSBO
852 _aNLR
_jТ21 Д-4/64
942 _cBOOK
980 _aNB